000 00493nam a22001457a 4500
008 160823b xxu||||| |||| 00| 0 eng d
020 _a9712712443
082 _22003
_aDFil 899.2103
_bSa7
100 _913570
_aSarmiento, Menchu A.
245 _aDaisy nueve:
_bstories, weird, wonderful, whatever/
_cMenchu A. Sarmiento
260 _aPasig City:
_bAnvil Publishing Inc.,
_cc2003.
300 _avii, 186 pages:
_c21.5 cm.
650 0 _913571
_aShort stories, Philippine (English)
942 _2ddc
_cDFIL
999 _c4076
_d4076